| 000 | 01077 a2200265 4500 | ||
|---|---|---|---|
| 003 | dpl | ||
| 005 | 20090302113822.0 | ||
| 008 | 090302t xxu||||| |||| 00| 0 eng d | ||
| 010 | _aENG-85636 | ||
| 020 |
_a0195696603 _c375.00 |
||
| 035 | _aEN-69169 | ||
| 037 | _bD.B.Act / Pub | ||
| 040 |
_aDPL _cDPL |
||
| 082 | _a954.02 | ||
| 100 | _aNurul Hasan, S. | ||
| 245 |
_aReligion, state, and society in medieval India _bcollected works of S. Nurul Hasan _cedited and with an introduction by Satish Chandra. |
||
| 260 |
_aNew Delhi _bOxford University Press _c2005. |
||
| 300 |
_aviii, 335 p. : _bmap ; _c22 cm. (Hb.) |
||
| 500 | _aIncludes index | ||
| 651 |
_aIndia _xHistory _y1000-1765. |
||
| 700 |
_aChandra, Satish, _d1922- |
||
| 942 |
_adpl _cEN _k954.02 / REL _2ddc _h954.02 _mREL |
||
| 999 |
_c3193 _d3193 |
||